Transferencia de calor y masa: Un enfoque práctico / Yunus A. Cengel (Registro nro. 26963)
[ vista simple ]
| 000 -LÍDER | |
|---|---|
| fixed length control field | 00452nam a2200157 4500 |
| 020 ## - NÚMERO INTERNACIONAL NORMALIZADO PARA LIBROS | |
| ISBN | 970-10-6173-X, 978-970-10-6173-2 |
| 050 ## - SIGNATURA TOPOGRAFICA DE LA BIBLIOTECA DEL CONGRESO (LC) | |
| Número de Clasificación | TJ260 C4618 2007 |
| 082 ## - NUMERO DE CLASIFICACION DECIMAL DEWEY | |
| Número de Clasificación | 536.2 C395t |
| 100 ## - ASIENTO PRINCIPAL--NOMBRE PERSONAL | |
| Nombre personal | Cengel, Yunus A. |
| 245 ## - TÍTULO | |
| Título | Transferencia de calor y masa: Un enfoque práctico / Yunus A. Cengel |
| 250 ## - MENCIÓN DE EDICIÓN | |
| Mención de edición | 3 |
| 260 ## - PUBLICACIÓN, DISTRIBUCIÓN, ETC. (PIE DE IMPRENTA) | |
| Lugar de publicación, distribución, etc. | México : McGraw-Hill |
| 300 ## - DESCRIPCIÓN FÍSICA | |
| Extensión | xxiv, 902 p. / 28 cm. |
| 500 ## - NOTA GENERAL | |
| Nota general | Incluye cd-rom. |
| 650 ## - ASIENTO SECUNDARIO DE MATERIA - TERMINO TEMÁTICO | |
| Término temático o nombre geográfico como elemento de entrada | 1. TRANSFERENCIA DE CALOR |
| No. biblioteca | No. biblioteca | Número de clasificación | Código de barras/Número de adquisición | Número de copia | Tipo de material |
|---|---|---|---|---|---|
| ÁREA DE ELECTROMECÁNICA | LUIS G. INCLAN | 536.2 C395t | 51120 | 2 | Libros |
| ÁREA DE ELECTROMECÁNICA | ÁREA DE ELECTROMECÁNICA | 536.2 C395t | 51119 | 1 | Libros |
